000 00464nam a2200157 4500
999 _c5437
_d5437
008 161103b xxu||||| |||| 00| 0 eng d
022 _a9770118389007
082 _aDPer 641.05 F73 Mar-Jul 2013
100 _916744
_aEscario, Anna
245 _aEnchanting comfort food at maple/
_cAnna Escario.
260 _aQuezon City:
_bABS CBN Publishing, Inc.,
_c©2013.
300 _apage 28;
_c30 cm.
500 _aFood.
650 0 _916745
_aCake
942 _2ddc
_cPER